=LDR 00000nam 2200000 4500 =001 INLIS000000000032529 =005 20201019100357 =035 ##$$a 0010-061300000032529 =008 201019################g##########0#ind## =041 ##$$a ind =082 ##$$a 320 =090 ##$$a 320, Sum i =100 ##$$a Sumpeno, Femi Adi =245 1#$$a Indonesia memilih /$c Femi Adi Soempeno =260 ##$$a Yogyakarta :$b Galang Press,$c 2009 =300 ##$$a 170 hlm. : $b ilus ; $c 15x23 cm =650 #4$$a Politik =850 ##$$a NBPNMAT =020 ##$$a 978-602-8174-24-4 =084 ##$$a 320 SUM i =990 ##$$a 21002428 =990 ##$$a 21002427 =990 ##$$a 21002426 =990 ##$$a 21002429